LEADER 02948oam 2200433 450 001 9910583360003321 005 20190911100029.0 010 $a0-08-100930-5 035 $a(OCoLC)1013889081 035 $a(MiFhGG)GVRL7ZJM 035 $a(EXLCZ)993790000000537167 100 $a20180402h20182018 uy 0 101 0 $aeng 135 $aurun|---uuuua 181 $2rdacontent 182 $2rdamedia 183 $2rdacarrier 200 00$aAdvances in poultry welfare /$fedited by Joy A. Mench 210 1$aDuxford :$cWoodhead Publishing, an imprint of Elsevier,$d[2018] 210 4$d?2018 215 $a1 online resource (xix, 385 pages) $cillustrations (some color) 225 1 $aWoodhead Publishing Series in Food Science, Technology and Nutrition 311 $a0-08-100915-1 320 $aIncludes bibliographical references at the end of each chapters and index. 327 $apt. 1. Introduction -- pt. 2. Management : hatch to slaughter -- pt. 3. Welfare assessment on the farm -- pt. 4. Continuing challenges -- pt. 5. Emerging issues. 330 $aAdvances in Poultry Welfare provides a targeted overview of contemporary developments in poultry welfare. The reviews in the volume address topical issues related to poultry welfare research and assessment, with a focus on identifying practical strategies for improvement as well as information gaps that remain to be filled. Part One provides an introduction to poultry production systems and gives a broad overview of current poultry welfare issues. Part Two moves on to review several aspects of poultry management, focusing on hatchery practices, early rearing, and slaughter. Part Three deals with welfare assessment on the farm, while Part Four explores continuing challenges, such as feather pecking and skeletal problems. This is followed in Part Five by a discussion of emerging issues, with chapters covering alternative parasite control methods, backyard poultry production, mass depopulation, and genetic approaches to reducing the impact of environmental stressors on welfare. This book is an essential part of the wider ranging series Advances in Farm Animal Welfare, with coverage of cattle, sheep, pigs, and poultry. With its expert editor and international team of contributors, Advances in Poultry Welfare is a key reference tool for welfare research scientists and students, veterinarians involved in welfare assessment, and indeed anyone with a professional interest in the welfare of poultry.--$cSource other than Librray of Congress. 410 0$aWoodhead Publishing series in food science and technology. 606 $aPoultry$xHousing 606 $aAnimal welfare 615 0$aPoultry$xHousing. 615 0$aAnimal welfare. 676 $a636.5 702 $aMench$b Joy A. 801 0$bMiFhGG 801 1$bMiFhGG 906 $aBOOK 912 $a9910583360003321 996 $aAdvances in poultry welfare$91909528 997 $aUNINA LEADER 03749nas 2200925-a 450 001 9910132022403321 005 20240911213022.0 035 $a(CKB)110978978733941 035 $a(CONSER)---87645025- 035 $a(EXLCZ)99110978978733941 100 $a20750522b19742001 --- a 101 0 $aeng 181 $ctxt$2rdacontent 182 $cc$2rdamedia 183 $acr$2rdacarrier 200 00$aTransportation research circular /$fTransportation Research Board, National Research Council 210 $aWashington, D.C. $cTransportation Research Board, National Research Council 215 $a1 online resource 300 $aSeparately cataloged in LC before no. 299. 300 $aEach issue has a distinctive title. 311 $aPrint version: Transportation research circular / (DLC) 87645025 (DLC)sc 76000649 (OCoLC)1351092 0097-8515 531 0 $aTrans. res. circ. 606 $aHighway engineering$xResearch 606 $aRoads$xDesign and construction$xResearch 606 $aRoad materials$xResearch 606 $aHighway research$zUnited States 606 $aTransportation$xResearch$zUnited States 606 $aAir travel$xResearch$zUnited States 606 $aRailroads$xResearch$zUnited States 606 $aShipping$xResearch$zUnited States 606 $aRoads$xDesign and construction 606 $aRoutes$xConception et construction 606 $aTechnique routière$xRecherche 606 $aRoutes$xConception et construction$xRecherche 606 $aRoutes$xMatériaux$xRecherche 606 $aRoutes$xRecherche$zÉtats-Unis 606 $aTransport$xRecherche$zÉtats-Unis 606 $aVoyages en avion$xRecherche$zÉtats-Unis 606 $aRoads$xDesign and construction$2fast$3(OCoLC)fst01098548 606 $aAir travel$xResearch$2fast$3(OCoLC)fst00802698 606 $aHighway engineering$xResearch$2fast$3(OCoLC)fst00956664 606 $aHighway research$2fast$3(OCoLC)fst00956729 606 $aRailroads$xResearch$2fast$3(OCoLC)fst01089144 606 $aRoad materials$xResearch$2fast$3(OCoLC)fst01098479 606 $aRoads$xDesign and construction$xResearch$2fast$3(OCoLC)fst01098580 606 $aShipping$xResearch$2fast$3(OCoLC)fst01116410 606 $aTransportation$xResearch$2fast$3(OCoLC)fst01155185 607 $aUnited States$2fast$1https://id.oclc.org/worldcat/entity/E39PBJtxgQXMWqmjMjjwXRHgrq 615 0$aHighway engineering$xResearch. 615 0$aRoads$xDesign and construction$xResearch. 615 0$aRoad materials$xResearch. 615 0$aHighway research 615 0$aTransportation$xResearch 615 0$aAir travel$xResearch 615 0$aRailroads$xResearch 615 0$aShipping$xResearch 615 0$aRoads$xDesign and construction. 615 6$aRoutes$xConception et construction. 615 6$aTechnique routière$xRecherche. 615 6$aRoutes$xConception et construction$xRecherche. 615 6$aRoutes$xMatériaux$xRecherche. 615 6$aRoutes$xRecherche 615 6$aTransport$xRecherche 615 6$aVoyages en avion$xRecherche 615 7$aRoads$xDesign and construction. 615 7$aAir travel$xResearch. 615 7$aHighway engineering$xResearch. 615 7$aHighway research. 615 7$aRailroads$xResearch. 615 7$aRoad materials$xResearch. 615 7$aRoads$xDesign and construction$xResearch. 615 7$aShipping$xResearch. 615 7$aTransportation$xResearch. 676 $a629.04/072073 712 02$aNational Research Council (U.S.).$bTransportation Research Board, 906 $aJOURNAL 912 $a9910132022403321 920 $aexl_impl conversion 996 $aTransportation research circular$92426342 997 $aUNINA LEADER 01800nas 2200601- 450 001 9910439052603321 005 20241221111003.0 011 $a2632-7376 035 $a(DE-599)ZDB3040464-2 035 $a(OCoLC)1198599095 035 $a(CKB)4100000009920002 035 $a(CONSER)--2021221018 035 $a(MiFhGG)61W8 035 $a(EXLCZ)994100000009920002 100 $a20190521a20209999 --- a 101 0 $aeng 135 $aur||||||||||| 181 $2rdacontent 182 $2rdamedia 183 $2rdacarrier 200 00$aCerebral cortex communications 210 1$aCary, NC :$cOxford University Press 215 $a1 online resource$cillustrations (colour) 300 $aRefereed/Peer-reviewed 606 $aNeurosciences$vPeriodicals 606 $aNeurobiology$vPeriodicals 606 $aBiological psychiatry$vPeriodicals 606 $aCerebral cortex$vPeriodicals 606 $aBrain$vPeriodicals 606 $aCerebral Cortex 606 $aNeurosciences$2fast$3(OCoLC)fst01036509 606 $aNeurobiology$2fast$3(OCoLC)fst01036315 606 $aBiological psychiatry$2fast$3(OCoLC)fst00832308 606 $aBrain$2fast$3(OCoLC)fst00837570 606 $aCerebral cortex$2fast$3(OCoLC)fst00851274 608 $aPeriodicals.$2fast 608 $aPeriodicals.$2lcgft 615 0$aNeurosciences 615 0$aNeurobiology 615 0$aBiological psychiatry 615 0$aCerebral cortex 615 0$aBrain 615 12$aCerebral Cortex. 615 7$aNeurosciences. 615 7$aNeurobiology. 615 7$aBiological psychiatry. 615 7$aBrain. 615 7$aCerebral cortex. 676 $a612.825 906 $aJOURNAL 912 $a9910439052603321 996 $aCerebral Cortex Communications$92564465 997 $aUNINA